<?xml version="1.0" encoding="UTF-8"?>
<collection xmlns="http://www.loc.gov/MARC21/slim">
  <record>
    <leader>00000nam  2200000   4500</leader>
    <controlfield tag="001">INLIS000000000012044</controlfield>
    <controlfield tag="005">20220322092622</controlfield>
    <datafield tag="035" ind1="#" ind2="#">
      <subfield code="a">0010-0322000273</subfield>
    </datafield>
    <datafield tag="245" ind1="1" ind2="#">
      <subfield code="a">POLA BU DE (Roadmap Pengelolaan Badan Usaha Milik Desa) Bidang Pemerintahan Pengkajian Peraturan Sosial dan Kependudukan Badan Penelitian dan Pengambangan Kabupaten Kutai Timur /</subfield>
      <subfield code="c">Muhammad Yusufsyah, S.Sos,.M.M.</subfield>
    </datafield>
    <datafield tag="100" ind1="1" ind2="#">
      <subfield code="a">YUSUFSYAH, Muhammad</subfield>
    </datafield>
    <datafield tag="250" ind1="#" ind2="#">
      <subfield code="a">1</subfield>
    </datafield>
    <datafield tag="300" ind1="#" ind2="#">
      <subfield code="a">xiv, 56 halaman ; lampiran :</subfield>
      <subfield code="b">ilustrasi ;</subfield>
      <subfield code="c">30 cm</subfield>
    </datafield>
    <datafield tag="260" ind1="#" ind2="#">
      <subfield code="a">Samarinda :</subfield>
      <subfield code="b">Puslatbang KDOD,</subfield>
      <subfield code="c">2021</subfield>
    </datafield>
    <datafield tag="084" ind1="#" ind2="#">
      <subfield code="a">PKA 067 2021</subfield>
    </datafield>
    <datafield tag="650" ind1="#" ind2="4">
      <subfield code="a">Proyek Perubahan</subfield>
    </datafield>
    <datafield tag="650" ind1="#" ind2="4">
      <subfield code="a">Administrator</subfield>
    </datafield>
    <datafield tag="650" ind1="#" ind2="4">
      <subfield code="a">sistem informasi</subfield>
    </datafield>
    <datafield tag="650" ind1="#" ind2="4">
      <subfield code="a">pedoman SOP</subfield>
    </datafield>
    <datafield tag="650" ind1="#" ind2="4">
      <subfield code="a">jaringan kerja</subfield>
    </datafield>
    <datafield tag="650" ind1="#" ind2="4">
      <subfield code="a">inovasi pemerintah</subfield>
    </datafield>
    <datafield tag="520" ind1="#" ind2="#">
      <subfield code="a">Laporan proyek perubahan ini menjelaskan tentang kebijakan membangun dari pinggiran berfokus pada pembangunan perdesaan dan pemberdayaan masyarakat desa serta meningkatkan perekonomian desa. Laporan Perubahan Roadmap Pengelolaaan Badan Usaha Milik Desa (POLA BU DE) berusaha mewujudkan kemandirian ekonomi desa dengan BUMDesa (Badan Usaha Milik Desa) dengan panduan jelas yang dibuat melalui proses penelitian dan analisis dari fakta di lapangan serta aspek pendukungnya untuk membangun jejaring kerja yang baik</subfield>
    </datafield>
    <datafield tag="500" ind1="#" ind2="#">
      <subfield code="a">Coach : Veronika Hanna Naibaho&#13;
Penguji : Dr Mariman Darto, M.Si&#13;
Mentor : Ir. H. Zubair, MT</subfield>
    </datafield>
    <controlfield tag="008">220322################|##########|#|##</controlfield>
    <datafield tag="990" ind1="#" ind2="#">
      <subfield code="a">PKA/067/2021</subfield>
    </datafield>
  </record>
</collection>
